Italian interior design : Italian interiors 1990 - 1999 = Italienische interieurs 1990 - 1999

Bibliographic Details
Other Authors: Andreini, Laura, Flora, Nicola
Format: Book
Published: New York : TeNeues , 2001
Subjects:

MARC

LEADER 00000cam a2200000 7i4500
001 0000019751
005 20080619.0
008 080619
020 |a 382385495x 
090 0 0 |a 747.25   |b ITA 
245 1 0 |a Italian interior design :   |b Italian interiors 1990 - 1999 = Italienische interieurs 1990 - 1999   |c edited by Laura Andreini...[et al] 
260 |a New York :   |b TeNeues ,   |c 2001 
650 0 |a Interior decoration   |z Italy 
700 1 |a Andreini, Laura 
700 1 |a Flora, Nicola 
999 |a 0001021672   |b Book   |c REFERENCE   |e Perbadanan Perpustakaan Awam Johor